[Event "27th Open"]
[Site "Cappelle la Grande FRA"]
[Date "2011.02.27"]
[Round "2"]
[White "Thirion,M"]
[Black "Vozovic,O"]
[Result "0-1"]
[WhiteElo "2130"]
[BlackElo "2341"]
[EventDate "2011.02.26"]

1. d4 g6 2. c4 Bg7 3. e4 d6 4. Nc3 Nd7 5. Be2 e5 6. d5 a5 7. h4 Ngf6 8. h5
gxh5 9. Bg5 h6 10. Bh4 Nf8 11. Bxh5 Ng6 12. Bxf6 Bxf6 13. g3 Bd7 14. Bg4 a4
15. Qf3 Bxg4 16. Qxg4 c6 17. O-O-O Be7 18. Kb1 Qa5 19. Nge2 Qc5 20. f4 exf4
21. gxf4 Qxc4 22. f5 Ne5 23. Qg7 O-O-O 24. f6 Rhg8 25. Qh7 Bxf6 26. Qf5+
Nd7 27. dxc6 Qxc6 28. Nd5 Kb8 29. Rc1 Qb5 30. Nxf6 Qxf5 31. exf5 Nxf6 32.
Rxh6 Ne4 33. Rh7 Rd7 34. Nf4 d5 35. Re1 Nd2+ 36. Kc2 Nf3 37. Rd1 d4 38. f6
Rg4 39. Nd3 Rg6 40. Rf1 Rc7+ 41. Kd1 Rg3 42. Rg7 Ng5 43. Ne1 a3 44. bxa3
Rc5 45. Rh1 Rxa3 46. Rh8+ Ka7 47. Rh5 Raa5 48. Rh4 Rxa2 49. Rxd4 Re5 50.
Nc2 Ne6 51. Rdg4 Rd5+ 52. Kc1 Rc5 53. Rg2 Nd4 54. Rxf7 Rcxc2+ 55. Rxc2
Rxc2+ 56. Kb1 Rf2 0-1

[Event "27th Open"]
[Site "Cappelle la Grande FRA"]
[Date "2011.02.27"]
[Round "2"]
[White "Hegarty,S"]
[Black "Van Assendelft,F"]
[Result "0-1"]
[WhiteElo "2096"]
[BlackElo "2337"]
[EventDate "2011.02.26"]

1. e4 c5 2. Nf3 d6 3. d4 cxd4 4. Nxd4 Nf6 5. Nc3 Nc6 6. Bc4 Qb6 7. Nxc6
bxc6 8. O-O e5 9. Bb3 Be7 10. Bg5 Qc7 11. Qd3 h6 12. Bxf6 Bxf6 13. Rad1 Be7
14. f4 O-O 15. Kh1 a5 16. Qf3 Bf6 17. a4 exf4 18. Qxf4 Be5 19. Qh4 Be6 20.
Bxe6 fxe6 21. Qh3 Qe7 22. b3 Rf6 23. Ne2 Raf8 24. Rf3 Rxf3 25. gxf3 Qa7 26.
f4 Bxf4 27. Nxf4 Rxf4 28. Qxe6+ Kh7 29. Qxd6 Qf2 30. Qd3 Rf3 31. Qd4 Re3
32. Qd7 Qf3+ 33. Kg1 Qxe4 34. Rf1 Qg6+ 35. Kh1 Qe4+ 36. Kg1 Qg6+ 37. Kh1
Re2 38. Qf5 Rxc2 39. Qxg6+ Kxg6 40. Rf3 c5 41. Kg1 c4 42. bxc4 Rxc4 43. Ra3
Kf5 44. Kf2 Ke5 45. Re3+ Re4 46. Ra3 g5 47. Kf3 Rh4 48. Ra2 Rb4 49. Ra3 Kd5
50. Ra1 Kc5 51. Ra2 Rh4 52. Ke3 Kb4 0-1

[Event "27th Open"]
[Site "Cappelle la Grande FRA"]
[Date "2011.02.27"]
[Round "2"]
[White "Suez Panama,G"]
[Black "Ambartsumova,K"]
[Result "0-1"]
[WhiteElo "2096"]
[BlackElo "2332"]
[EventDate "2011.02.26"]

1. Nf3 Nf6 2. d4 e6 3. c4 d5 4. g3 dxc4 5. Bg2 Nc6 6. O-O Rb8 7. Qc2 b5 8.
Nc3 Be7 9. Rd1 O-O 10. Ne5 Nb4 11. Qb1 Bb7 12. e4 Nd7 13. Be3 a6 14. a3
Nxe5 15. dxe5 Nd3 16. Bf1 Qc8 17. Bxd3 cxd3 18. Qxd3 Rd8 19. Qe2 c5 20.
Rxd8+ Qxd8 21. Rd1 Qc7 22. f3 Bc6 23. Nd5 exd5 24. exd5 Qxe5 25. dxc6 Rc8
26. Qd2 Rxc6 27. Bf4 Qf6 28. Qd7 h6 29. Qe8+ Kh7 30. Re1 Re6 31. Rxe6 Qxe6
32. Qa8 Bf6 33. b3 Qe1+ 34. Kg2 Qe2+ 35. Kh3 Qf1+ 36. Kg4 h5+ 37. Kf5 Qd3+
38. Qe4 Qd7+ 0-1

[Event "27th Open"]
[Site "Cappelle la Grande FRA"]
[Date "2011.02.27"]
[Round "2"]
[White "Groz,J"]
[Black "Kojima,S"]
[Result "0-1"]
[WhiteElo "2093"]
[BlackElo "2329"]
[EventDate "2011.02.26"]

1. e4 c6 2. d4 d5 3. exd5 cxd5 4. Bd3 Nc6 5. c3 Qc7 6. Ne2 Bg4 7. Qb3 Bxe2
8. Bxe2 Nxd4 9. Qxd5 Rd8 10. Bb5+ Nxb5 11. Qxb5+ Rd7 12. Be3 a6 13. Qa4 Nf6
14. Nd2 Nd5 15. Qe4 Nxe3 16. Qxe3 e6 17. O-O Bc5 18. Qe2 O-O 19. Nb3 Ba7
20. Rad1 Rfd8 21. Rxd7 Qxd7 22. h3 g6 23. Rc1 Qa4 24. Ra1 Qf4 25. Rc1 h5
26. Rc2 Bxf2+ 27. Kh1 Be3 28. Qf3 h4 29. Nd4 Qxf3 30. Nxf3 Rd1+ 31. Kh2
Bf4+ 32. g3 Bxg3+ 33. Kg2 e5 34. Ng5 f5 35. c4 e4 36. Re2 Be5 37. b3 Rd3
38. Ne6 Rg3+ 39. Kf1 Rxh3 40. Nc5 Rh1+ 41. Kg2 Rh2+ 42. Kf1 Rxe2 43. Kxe2
h3 0-1

[Event "27th Open"]
[Site "Cappelle la Grande FRA"]
[Date "2011.02.27"]
[Round "2"]
[White "Marechal,A"]
[Black "Becuwe,O"]
[Result "1/2-1/2"]
[WhiteElo "2326"]
[BlackElo "2096"]
[EventDate "2011.02.26"]

1. e4 c5 2. Nc3 Nc6 3. Bb5 Nd4 4. Bc4 e6 5. Nge2 Ne7 6. O-O Nec6 7. d3 a6
8. a4 Rb8 9. Bd2 b5 10. axb5 axb5 11. Nxd4 Nxd4 12. Ba2 Bb7 13. Ne2 Nxe2+
14. Qxe2 d5 15. exd5 Bxd5 16. Bf4 Bd6 17. Bxd5 Bxf4 18. Bc6+ Kf8 19. g3 Bc7
20. Ra7 g6 21. Qe3 Kg7 22. Qxc5 Bb6 23. Qe5+ Qf6 24. Qxf6+ Kxf6 25. Rb7
Rxb7 26. Bxb7 Rb8 27. Bf3 Rc8 28. c3 b4 29. Rb1 bxc3 30. bxc3 Ba5 31. c4
Bc3 32. Kf1 Rc7 33. Bb7 Bd4 34. Ke2 Rc5 35. Rc1 Ra5 36. Rc2 Ke7 37. f4 Kd6
38. Bg2 h5 39. Bf3 Ra1 40. h3 Rb1 41. g4 hxg4 42. hxg4 Rb2 43. c5+ Kc7 44.
Rxb2 Bxb2 45. Ke3 f5 46. gxf5 gxf5 47. Bd1 e5 48. fxe5 Bxe5 49. d4 Bf6 50.
Bf3 Be7 51. Kd3 Bf6 52. Bg2 Be7 53. Kc3 Bf6 54. Kc4 Be7 55. Bh3 f4 56. Bg4
Bd8 57. Kd5 Bf6 58. Bf3 Bh8 59. Kc4 Bf6 60. Kd3 Bg7 61. Ke4 Bf6 62. Bg2 Bg7
63. Kd5 Bf6 64. Kc4 Be7 65. Kc3 Bf6 66. Kd3 Bg7 67. Bd5 Bf6 68. Ke4 f3 69.
Bc4 f2 70. Kd5 Bg7 71. Bf1 Bf6 72. Ke4 Bg7 73. Bg2 Bf6 74. d5 Be7 1/2-1/2

[Event "27th Open"]
[Site "Cappelle la Grande FRA"]
[Date "2011.02.27"]
[Round "2"]
[White "Midoux,S"]
[Black "Kooshani,M"]
[Result "1-0"]
[WhiteElo "2318"]
[BlackElo "2095"]
[EventDate "2011.02.26"]

1. e4 e5 2. Nf3 Nc6 3. d4 exd4 4. Nxd4 Bc5 5. Nb3 Bb6 6. Nc3 Qf6 7. Qe2
Nge7 8. Be3 Bxe3 9. Qxe3 a6 10. O-O-O d6 11. Kb1 Be6 12. f4 O-O 13. Be2 b5
14. g4 Bxb3 15. axb3 Nb4 16. Bf3 Nec6 17. Ne2 Na5 18. Ng3 g6 19. e5 dxe5
20. Bxa8 exf4 21. Ne4 Qe5 22. Qc3 Qxc3 23. bxc3 Rxa8 24. cxb4 Nc6 25. Rhf1
1-0

[Event "27th Open"]
[Site "Cappelle la Grande FRA"]
[Date "2011.02.27"]
[Round "2"]
[White "De Andres Gonalons,F"]
[Black "Giffard,N"]
[Result "1/2-1/2"]
[WhiteElo "2084"]
[BlackElo "2317"]
[EventDate "2011.02.26"]

1. d4 d5 2. c4 Nc6 3. Nf3 Bg4 4. cxd5 Bxf3 5. dxc6 Bxc6 6. Nc3 Nf6 7. e3 a6
8. Qc2 e6 9. a3 Be7 10. Bd2 O-O 11. f3 Be8 12. Bd3 c5 13. dxc5 Bxc5 14. O-O
Qb6 15. Rfe1 a5 16. Kh1 Rd8 17. Rad1 h6 18. Bc1 Bc6 19. Na4 Bxa4 20. Qxa4
Nd5 21. e4 Ne7 22. Bb5 Nc8 23. Bd7 Nd6 24. Bf4 Nc8 25. Rd3 Qxb2 26. Bc7 Nb6
27. Bxb6 Qxb6 28. Red1 Qc7 29. Qc4 b6 30. Bb5 Rxd3 31. Rxd3 h5 32. g3 h4
33. Kg2 hxg3 34. hxg3 Qe5 35. Qc3 Qg5 36. a4 Rd8 37. Rxd8+ Qxd8 38. Qd3 Bd4
39. f4 Qd6 40. Qc4 Bc5 41. Qd3 Bd4 1/2-1/2

[Event "27th Open"]
[Site "Cappelle la Grande FRA"]
[Date "2011.02.27"]
[Round "2"]
[White "Nikolova,A"]
[Black "Chardin,T"]
[Result "1-0"]
[WhiteElo "2311"]
[BlackElo "2085"]
[EventDate "2011.02.26"]

1. e4 c5 2. Nf3 Nc6 3. d4 cxd4 4. Nxd4 e5 5. Nb5 a6 6. Nd6+ Bxd6 7. Qxd6
Qf6 8. Qc7 Nge7 9. Bd3 b5 10. Nc3 Rb8 11. Nd5 Qe6 12. Qxb8 Nxb8 13. Nc7+
Kf8 14. Nxe6+ fxe6 15. f4 Nbc6 16. c3 g6 17. g3 Bb7 18. Bd2 Kg7 19. a4 bxa4
20. Rxa4 Ra8 21. O-O Nc8 22. Be3 1-0

[Event "27th Open"]
[Site "Cappelle la Grande FRA"]
[Date "2011.02.27"]
[Round "2"]
[White "Husari,Sa"]
[Black "Dessenne,F"]
[Result "1-0"]
[WhiteElo "2306"]
[BlackElo "2065"]
[EventDate "2011.02.26"]

1. d4 Nf6 2. c4 c5 3. d5 b5 4. Nf3 g6 5. Qc2 Bg7 6. e4 d6 7. cxb5 a6 8. Nc3
O-O 9. a4 Bb7 10. bxa6 Nxa6 11. Bb5 e6 12. dxe6 fxe6 13. O-O d5 14. Ng5 Nc7
15. Be2 h6 16. e5 hxg5 17. Bxg5 Qe8 18. exf6 Bxf6 19. Bh6 Bg7 20. Bxg7 Kxg7
21. Nb5 Nxb5 22. Bxb5 Qe7 23. Ra3 e5 24. Rg3 e4 25. f3 d4 26. Re1 Rf4 27.
fxe4 Bxe4 28. Bd3 Re8 29. a5 Bxd3 30. Rxe7+ Rxe7 31. Qc1 Rf1+ 32. Qxf1 Bxf1
33. Kxf1 Ra7 34. Ra3 Kf6 35. Ke2 Ke5 36. Kd3 Kd5 37. b3 Re7 38. a6 Ra7 39.
h4 Kc6 40. Kc4 Kb6 41. b4 1-0

[Event "27th Open"]
[Site "Cappelle la Grande FRA"]
[Date "2011.02.27"]
[Round "2"]
[White "Neuhauser,S"]
[Black "Robin,S"]
[Result "0-1"]
[WhiteElo "2066"]
[BlackElo "2306"]
[EventDate "2011.02.26"]

1. e4 e5 2. Bc4 Nf6 3. d3 Nc6 4. Nc3 Na5 5. Nge2 Nxc4 6. dxc4 Be7 7. O-O
O-O 8. b3 d6 9. Qd3 c6 10. Bb2 Qc7 11. Rad1 Be6 12. Ng3 Rad8 13. Qe3 Rfe8
14. Kh1 b6 15. h3 Bf8 16. f4 exf4 17. Qxf4 Nd7 18. Nce2 Ne5 19. Nd4 g6 20.
Ngf5 gxf5 21. exf5 Bc8 22. Qg5+ Kh8 23. Nf3 f6 24. Qxf6+ Bg7 25. Qh4 Nxf3
26. Bxg7+ Qxg7 27. Rxf3 Rg8 28. g4 c5 29. Re3 Bxf5 30. Re7 Qg6 31. Rde1
Rdf8 32. Rxa7 Be4+ 33. Kg1 Rf4 34. Re7 Rgf8 35. Qg3 Rf1+ 36. Rxf1 Rxf1+ 37.
Kxf1 Qf6+ 38. Kg1 Qxe7 39. a4 Qf6 40. c3 Bc2 41. b4 Bxa4 42. Qe1 Bd7 43.
Qd2 Qe5 44. Qh6 Qe1+ 0-1

[Event "27th Open"]
[Site "Cappelle la Grande FRA"]
[Date "2011.02.27"]
[Round "2"]
[White "Szylar,E"]
[Black "Vul,A"]
[Result "0-1"]
[WhiteElo "2065"]
[BlackElo "2301"]
[EventDate "2011.02.26"]

1. e4 e5 2. Nc3 Nf6 3. f4 d5 4. fxe5 Nxe4 5. d3 Nxc3 6. bxc3 d4 7. Nf3 Nc6
8. cxd4 Bb4+ 9. Bd2 Bxd2+ 10. Qxd2 Nxd4 11. c3 Nxf3+ 12. gxf3 f6 13. f4
fxe5 14. fxe5 Qd5 15. O-O-O O-O 16. d4 Be6 17. Rg1 Rad8 18. c4 Qc6 19. Qh6
Rd7 20. Bd3 Bf5 21. Qxc6 bxc6 22. Bxf5 Rxf5 23. Rd2 c5 24. e6 Rxd4 25. Re1
Kf8 26. e7+ Ke8 27. Rb2 Rxc4+ 0-1

[Event "27th Open"]
[Site "Cappelle la Grande FRA"]
[Date "2011.02.27"]
[Round "2"]
[White "Maeurer,C"]
[Black "Hoffmann,Rog"]
[Result "1-0"]
[WhiteElo "2301"]
[BlackElo "2055"]
[EventDate "2011.02.26"]

1. Nf3 d5 2. c4 c6 3. g3 Nf6 4. Bg2 e6 5. b3 Bd6 6. Bb2 O-O 7. O-O Nbd7 8.
d4 Ne4 9. Qc2 f5 10. e3 Ndf6 11. Ba3 g5 12. Bxd6 Qxd6 13. Ne5 g4 14. Nc3
Ng5 15. Rad1 Bd7 16. Ne2 Be8 17. Nf4 Bd7 18. Qb2 Be8 19. Rc1 Nd7 20. Ned3
Qe7 21. Qe2 Bg6 22. Rfd1 Kg7 23. b4 Rfc8 24. Qb2 Bf7 25. b5 cxb5 26. cxd5
exd5 27. Qxb5 Nb6 28. Ne5 Qa3 29. Qb1 Ne4 30. Nxf7 Kxf7 31. Rxc8 Rxc8 32.
Nxd5 Nxd5 33. Bxe4 fxe4 34. Qxb7+ Ne7 35. Qxe4 Qxa2 36. Qxh7+ Kf6 37. Qh4+
Kf7 38. Qh5+ Kf6 39. Qxg4 Rc2 40. Qf4+ Kg6 41. e4 a5 42. d5 1-0

[Event "27th Open"]
[Site "Cappelle la Grande FRA"]
[Date "2011.02.27"]
[Round "2"]
[White "Kostiuk,T"]
[Black "Gros,P"]
[Result "0-1"]
[WhiteElo "2295"]
[BlackElo "2047"]
[EventDate "2011.02.26"]

1. d4 d6 2. Nf3 Bg4 3. g3 Nf6 4. Bg2 c6 5. O-O e6 6. c4 Be7 7. Nc3 d5 8.
Qb3 Qb6 9. c5 Qxb3 10. axb3 Na6 11. Ne5 Nb4 12. Ra4 a5 13. Nxg4 Nxg4 14.
Bf4 Kd7 15. Rfa1 Nc2 16. Rc1 Nb4 17. Na2 f6 18. h3 Nh6 19. Nxb4 axb4 20.
Rxb4 b5 21. e4 Ra6 22. exd5 exd5 23. Bf1 Rha8 24. Rxb5 cxb5 25. Bxb5+ Kc8
26. Bxa6+ Rxa6 27. b4 Nf5 28. b5 Ra2 29. b6 Rxb2 30. Re1 Bd8 31. Re8 Kd7
32. Rg8 Nxd4 33. Rxg7+ Kc6 34. Bc7 Ne6 35. Rxh7 Nxc7 36. bxc7 Bxc7 37. h4
d4 38. Kg2 Be5 39. Kf3 Kxc5 40. Rd7 Kc4 41. h5 f5 42. h6 Rb3+ 43. Kg2 d3
44. h7 Rb8 45. Kf3 Bd4 46. Rc7+ Kb3 47. Rd7 Kc3 48. Rc7+ Kd2 49. Kf4 Bc3
50. Kxf5 Kc2 51. Rd7 d2 0-1

[Event "27th Open"]
[Site "Cappelle la Grande FRA"]
[Date "2011.02.27"]
[Round "2"]
[White "Duijker,R"]
[Black "Audin,T"]
[Result "0-1"]
[WhiteElo "2295"]
[BlackElo "2034"]
[EventDate "2011.02.26"]

1. d4 d5 2. Bg5 Nc6 3. e3 f6 4. Bh4 Nh6 5. c4 e6 6. Nc3 Bb4 7. Qh5+ Nf7 8.
Bd3 e5 9. a3 Bxc3+ 10. bxc3 Be6 11. cxd5 Qxd5 12. Qf3 Qa5 13. Ne2 O-O-O 14.
O-O h5 15. h3 Rh6 16. Rfb1 g5 17. Rb5 Qa4 18. d5 Nd6 19. Rab1 Nxb5 20. Bxb5
Qc2 21. Rc1 Bxd5 22. Rxc2 Bxf3 23. gxf3 gxh4 24. Bxc6 bxc6 25. c4 Rg6+ 26.
Kh2 Rdg8 27. Kh1 c5 28. f4 e4 29. Rd2 Rd8 30. Rb2 Rd1+ 31. Kh2 Ra1 32. f5
Rg5 33. Rd2 Rxf5 34. Nc3 Re5 35. Nd5 Re6 36. Rb2 c6 37. Nf4 Rd6 38. Kg2
Rxa3 39. Nxh5 a5 40. Ng7 a4 41. Nf5 Rdd3 42. Rb6 Kc7 43. Ra6 Ra2 44. Nxh4
a3 45. Kg3 Rc2 46. Ng6 a2 47. h4 Rd1 48. h5 a1=Q 49. Rxa1 Rxa1 50. h6 Rg1+
0-1

[Event "27th Open"]
[Site "Cappelle la Grande FRA"]
[Date "2011.02.27"]
[Round "2"]
[White "Baumhauer,C"]
[Black "Dubois,V2"]
[Result "1-0"]
[WhiteElo "2043"]
[BlackElo "1859"]
[EventDate "2011.02.26"]

1. Nf3 Nf6 2. c4 g6 3. Nc3 Bg7 4. g3 c6 5. e4 d5 6. cxd5 cxd5 7. e5 Ng4 8.
d4 f6 9. h3 Nh6 10. Qb3 e6 11. Bg2 Nc6 12. Bf4 fxe5 13. dxe5 Nf7 14. O-O
Nfxe5 15. Nxe5 Bxe5 16. Bxe5 Nxe5 17. Rae1 Nf7 18. Bxd5 Ng5 19. h4 Kf8 20.
hxg5 exd5 21. Nxd5 Qxg5 22. Qb4+ Kg7 23. Qd4+ Kh6 24. Re4 1-0

[Event "27th Open"]
[Site "Cappelle la Grande FRA"]
[Date "2011.02.28"]
[Round "3"]
[White "Prohaszka,P2"]
[Black "Vuckovic,Bo"]
[Result "1/2-1/2"]
[WhiteElo "2542"]
[BlackElo "2623"]
[EventDate "2011.02.26"]

1. d4 d5 2. c4 c6 3. Nc3 Nf6 4. e3 a6 5. Nf3 b5 6. c5 Nbd7 7. b4 a5 8. bxa5
Qxa5 9. Bd2 b4 10. Nb1 Ne4 11. Be2 e5 12. O-O Be7 13. a3 Nxd2 14. Nfxd2 Qc7
15. Qb3 bxa3 16. Rxa3 Rxa3 17. Qxa3 O-O 18. Nc3 exd4 19. exd4 Bf6 20. Nf3
Re8 21. Bd3 Nf8 22. h3 Ng6 1/2-1/2

[Event "27th Open"]
[Site "Cappelle la Grande FRA"]
[Date "2011.02.28"]
[Round "3"]
[White "Petrov,Marij"]
[Black "Iturrizaga,E"]
[Result "1-0"]
[WhiteElo "2535"]
[BlackElo "2611"]
[EventDate "2011.02.26"]

1. e4 d6 2. d4 Nf6 3. Nc3 g6 4. Nf3 Bg7 5. Be2 O-O 6. O-O Bg4 7. Be3 Nc6 8.
Qd2 e5 9. dxe5 dxe5 10. Rad1 Qc8 11. Qc1 Rd8 12. Rxd8+ Nxd8 13. h3 Bxf3 14.
Bxf3 c6 15. Rd1 Ne6 16. Qd2 Bf8 17. Ne2 Qc7 18. Qc3 Bd6 19. a4 Qe7 20. g3
Bb4 21. Qc4 a5 22. b3 Bc5 23. Bc1 Nd7 24. Kg2 Nd4 25. Nxd4 exd4 26. h4 Ne5
27. Bg5 Qd6 28. Qe2 Qe6 29. Bf4 Re8 30. Bxe5 Qxe5 31. Qc4 Re6 32. Rd3 Rd6
33. Kg1 Bb4 34. Rd1 Bc3 35. Bg2 b5 36. Qd3 Re6 37. f4 Qc5 38. e5 f6 39. Bh3
Re7 40. Bf1 fxe5 41. axb5 cxb5 42. Qxb5 Qxb5 43. Bxb5 e4 44. Kf2 Kg7 45.
Bf1 Kh6 46. g4 Rf7 47. Bg2 Rxf4+ 48. Kg3 g5 49. h5 e3 50. Bf3 Kg7 51. Rf1
d3 52. cxd3 Rb4 53. Bd1 Be5+ 54. Kf3 Bf4 55. Bc2 a4 56. bxa4 Rb2 57. Bd1
Ra2 58. Be2 Rxa4 59. Rb1 Kf6 60. Rb7 Ke5 61. Rxh7 Ra1 62. Re7+ Kd5 63. Rd7+
Ke6 64. Rb7 Rh1 65. Ke4 Rh2 66. Rb6+ Ke7 67. Rb2 Kf6 68. d4 Kg7 69. Rb7+
Kh6 70. Kd3 Rh1 71. Bf3 Rh3 72. Be2 Rh1 73. d5 Rc1 74. Kd4 Rc8 75. Bd3 Rh8
76. d6 Bg3 77. Kd5 Bf4 78. Re7 e2 79. Bxe2 Rd8 80. d7 1-0

[Event "27th Open"]
[Site "Cappelle la Grande FRA"]
[Date "2011.02.28"]
[Round "3"]
[White "Nyzhnyk,I"]
[Black "Solodovnichenko,Y"]
[Result "1/2-1/2"]
[WhiteElo "2530"]
[BlackElo "2577"]
[EventDate "2011.02.26"]

1. d4 d5 2. c4 dxc4 3. Nf3 e6 4. e3 a6 5. Bxc4 c5 6. O-O Nf6 7. dxc5 Qxd1
8. Rxd1 Bxc5 9. Nbd2 O-O 10. Be2 Nbd7 11. Nb3 Be7 12. Bd2 b6 13. Rac1 Bb7
14. Rc7 Bd5 15. Nfd4 Bd6 16. Rcc1 Rfc8 17. f3 Be5 18. Rxc8+ Rxc8 19. e4 Bb7
20. Be3 Kf8 21. Rc1 1/2-1/2

[Event "27th Open"]
[Site "Cappelle la Grande FRA"]
[Date "2011.02.28"]
[Round "3"]
[White "Spraggett,K"]
[Black "Naumkin,I"]
[Result "1/2-1/2"]
[WhiteElo "2575"]
[BlackElo "2499"]
[EventDate "2011.02.26"]

1. e4 e6 2. d4 d5 3. Nc3 Bb4 4. e5 Ne7 5. a3 Bxc3+ 6. bxc3 b6 7. Qg4 Ng6 8.
h4 h5 9. Qg3 Ba6 10. Bxa6 Nxa6 11. Bg5 Qd7 12. a4 Nb8 13. Ne2 Nc6 14. Qf3
Nge7 15. Ng3 g6 16. Bf6 Rg8 17. O-O Na5 18. Rfb1 O-O-O 19. Nf1 Rde8 20. Nd2
Nec6 21. Qe2 Kb7 22. f3 a6 23. Kh2 Ka7 24. g4 Nb8 25. Bg5 Rh8 26. Kg2 Qc6
27. Qd3 Nd7 28. Re1 Rhf8 29. Bh6 Rh8 30. Bg5 Rhf8 31. Bh6 Rh8 32. Bg5
1/2-1/2

[Event "27th Open"]
[Site "Cappelle la Grande FRA"]
[Date "2011.02.28"]
[Round "3"]
[White "Jankovic,A"]
[Black "Sharapov,E"]
[Result "1-0"]
[WhiteElo "2564"]
[BlackElo "2468"]
[EventDate "2011.02.26"]

1. d4 Nf6 2. Nf3 d5 3. c4 c6 4. Nc3 e6 5. Bg5 Nbd7 6. e3 Qa5 7. cxd5 Nxd5
8. Qd2 Bb4 9. Rc1 h6 10. Bh4 b6 11. a3 Bxc3 12. bxc3 c5 13. Bd3 Ba6 14. O-O
cxd4 15. Bxa6 Qxa6 16. Qxd4 N5f6 17. Ne5 Nxe5 18. Qxe5 Qxa3 19. Bxf6 gxf6
20. Qxf6 Rg8 21. Qxh6 Qc5 22. g3 Qg5 23. Qh7 Ke7 24. Rfd1 Rac8 25. Rd4 Qg6
26. Qh4+ Qg5 27. Qe4 Rc7 28. Qf3 Rh8 29. h4 Qh5 30. Qf4 e5 31. Qe4 Rh6 32.
Rcd1 Re6 33. Rd8 Kf6 34. g4 Qxh4 35. Rg8 Ke7 36. Qa8 1-0

[Event "27th Open"]
[Site "Cappelle la Grande FRA"]
[Date "2011.02.28"]
[Round "3"]
[White "Sasikiran,K"]
[Black "Brynell,S"]
[Result "1-0"]
[WhiteElo "2690"]
[BlackElo "2492"]
[EventDate "2011.02.26"]

1. d4 e6 2. c4 Nf6 3. Nf3 b6 4. g3 Bb7 5. Bg2 Be7 6. O-O O-O 7. Re1 d5 8.
cxd5 exd5 9. Nc3 Na6 10. Bf4 c5 11. e3 Ne4 12. h4 cxd4 13. exd4 Nxc3 14.
bxc3 Nc7 15. Ng5 h6 16. Nh3 Ne8 17. Qe2 Bd6 18. Be5 Nf6 19. Nf4 Rc8 20.
Rac1 Bxe5 21. dxe5 Re8 22. c4 Nd7 23. Qb2 Qe7 24. e6 fxe6 25. Rxe6 Qf7 26.
cxd5 Nc5 27. Rxe8+ Rxe8 28. h5 Bc8 29. d6 Bb7 30. Rxc5 Bxg2 31. Rc7 Ba8 32.
f3 Qf6 33. Qxf6 gxf6 34. d7 1-0

[Event "27th Open"]
[Site "Cappelle la Grande FRA"]
[Date "2011.02.28"]
[Round "3"]
[White "Arnaudov,G"]
[Black "Zhigalko,S"]
[Result "1/2-1/2"]
[WhiteElo "2489"]
[BlackElo "2671"]
[EventDate "2011.02.26"]

1. d4 Nf6 2. c4 e6 3. g3 c5 4. d5 exd5 5. cxd5 d6 6. Nc3 g6 7. Bg2 Bg7 8.
Nf3 O-O 9. O-O Re8 10. Nd2 a6 11. a4 Nbd7 12. h3 b6 13. Re1 Nh5 14. Nce4
Ndf6 15. Nc3 Nd7 16. Nce4 Ndf6 17. Nc3 Nd7 1/2-1/2

[Event "27th Open"]
[Site "Cappelle la Grande FRA"]
[Date "2011.02.28"]
[Round "3"]
[White "Sepp,O"]
[Black "Kryvoruchko,Y"]
[Result "0-1"]
[WhiteElo "2485"]
[BlackElo "2640"]
[EventDate "2011.02.26"]

1. Nf3 c5 2. g3 Nc6 3. Bg2 g6 4. O-O Bg7 5. c4 e5 6. Nc3 Nge7 7. d3 O-O 8.
a3 d6 9. Rb1 a5 10. Ne1 Be6 11. Nc2 d5 12. cxd5 Nxd5 13. Ne3 Nde7 14. Nc4
Rb8 15. Nb5 Nd5 16. Bd2 b6 17. Nc3 Nde7 18. Nb5 Bd5 19. Bxd5 Nxd5 20. Qb3
Nd4 21. Nxd4 exd4 22. e4 dxe3 23. Nxe3 Nc7 24. Qc4 Ne6 25. Bc3 Bd4 26. Rbd1
h5 27. Nc2 b5 28. Qb3 a4 29. Qa2 Bg7 30. Bxg7 Kxg7 31. Rfe1 Qf6 32. Re3 Ng5
33. f4 Ne6 34. Re5 Rbd8 35. b4 h4 36. Qa1 hxg3 37. hxg3 Rh8 38. bxc5 Rh3
39. Re3 Qxa1 40. Rxa1 Rdh8 41. Ne1 Rh1+ 42. Kf2 R8h2+ 43. Kf3 Nxc5 44. Re2
Nb3 45. Rxh2 Rxh2 46. Rd1 b4 0-1

[Event "27th Open"]
[Site "Cappelle la Grande FRA"]
[Date "2011.02.28"]
[Round "3"]
[White "Mareco,S"]
[Black "Wirig,A"]
[Result "1/2-1/2"]
[WhiteElo "2627"]
[BlackElo "2466"]
[EventDate "2011.02.26"]

1. d4 d5 2. c4 c6 3. Nf3 dxc4 4. e3 Bg4 5. Bxc4 e6 6. Nc3 Nd7 7. O-O Ngf6
8. Re1 Be7 9. h3 Bh5 10. Bb3 O-O 11. e4 Re8 12. Bf4 Bb4 13. a3 Bxc3 14.
bxc3 e5 15. Bg5 Qa5 16. Bxf6 Bxf3 17. Qxf3 Nxf6 18. Re3 Rad8 19. Qf5 Qc7
20. Rd1 Qe7 21. a4 g6 22. Qf3 Kg7 23. Qe2 c5 24. Qc4 cxd4 25. cxd4 Rc8 26.
Qf1 Qb4 27. dxe5 Rxe5 28. Qd3 Rc7 29. Qd4 Qxd4 30. Rxd4 Rce7 31. Bc2 Rc5
32. Bb3 Rce5 1/2-1/2

[Event "27th Open"]
[Site "Cappelle la Grande FRA"]
[Date "2011.02.28"]
[Round "3"]
[White "Gurevich,M"]
[Black "Burg,T"]
[Result "1/2-1/2"]
[WhiteElo "2613"]
[BlackElo "2448"]
[EventDate "2011.02.26"]

1. c4 Nf6 2. Nc3 g6 3. e4 d6 4. d4 Bg7 5. Nf3 O-O 6. Be2 e5 7. O-O Nc6 8.
d5 Ne7 9. Nd2 a5 10. a3 Nd7 11. Rb1 f5 12. b4 Kh8 13. Qc2 Nf6 14. exf5 Nxf5
15. Nf3 e4 16. Ng5 axb4 17. axb4 e3 18. fxe3 Ng4 19. Bxg4 Qxg5 20. Bh3 Bd7
21. Rf3 Rae8 22. Bxf5 Bxf5 23. e4 Qh4 24. Bf4 Bxe4 25. Nxe4 Rxf4 26. g3 Rg4
27. Qf2 Rgxe4 28. gxh4 Bd4 29. c5 Bxf2+ 30. Rxf2 Kg7 31. h5 Rg4+ 32. Kh1
Rd4 33. h6+ Kxh6 34. Rf7 dxc5 35. bxc5 Rxd5 36. Rxc7 Re2 37. Rcxb7 Rh5 38.
c6 Rhxh2+ 39. Kg1 Reg2+ 40. Kf1 Rc2 41. Kg1 Rhe2 42. c7 Re6 43. Rf1 g5 44.
Rf2 Re1+ 45. Kg2 Rxf2+ 46. Kxf2 Rc1 47. Ke3 Kg6 48. Ke4 Kh5 49. Kd5 g4 50.
Kd6 Kh4 51. Rb1 Rxc7 52. Kxc7 g3 53. Rh1+ Kg4 54. Rxh7 g2 55. Rg7+ Kf3 56.
Rxg2 Kxg2 1/2-1/2

[Event "27th Open"]
[Site "Cappelle la Grande FRA"]
[Date "2011.02.28"]
[Round "3"]
[White "Guidarelli,L"]
[Black "Burmakin,V"]
[Result "1/2-1/2"]
[WhiteElo "2446"]
[BlackElo "2603"]
[EventDate "2011.02.26"]

1. Nf3 d5 2. c4 c6 3. e3 Nf6 4. Qc2 g6 5. b3 Bg7 6. Bb2 Bf5 7. d3 O-O 8.
Be2 a5 9. a3 Na6 10. O-O Qb6 11. Bd4 c5 12. Be5 Bd7 13. Nc3 Bc6 14. Rab1
Rfd8 15. d4 Rac8 16. dxc5 Qxc5 17. b4 axb4 18. axb4 Nxb4 19. Qb2 Na6 20.
Bd4 Qd6 21. cxd5 Bxd5 22. Nxd5 Qxd5 23. Qxb7 Nc7 24. Ne5 Qxb7 25. Rxb7 Ne6
26. Rxe7 Nxd4 27. exd4 Rxd4 28. Nf3 1/2-1/2

[Event "27th Open"]
[Site "Cappelle la Grande FRA"]
[Date "2011.02.28"]
[Round "3"]
[White "Khotenashvili,B"]
[Black "Spasov,V"]
[Result "1/2-1/2"]
[WhiteElo "2440"]
[BlackElo "2590"]
[EventDate "2011.02.26"]

1. d4 Nf6 2. c4 g6 3. Nf3 Bg7 4. g3 O-O 5. Bg2 d6 6. Nc3 Nbd7 7. O-O e5 8.
e4 exd4 9. Nxd4 Re8 10. h3 Nc5 11. Re1 Bd7 12. Rb1 h6 13. Kh2 a6 14. f4 Rb8
15. b4 Ne6 16. Be3 b5 17. c5 dxc5 18. bxc5 b4 19. c6 Nxd4 20. cxd7 Qxd7 21.
Bxd4 bxc3 22. Rxb8 Rxb8 23. Bxc3 Qxd1 24. Rxd1 Ng4+ 25. hxg4 Bxc3 26. Rd7
c5 27. e5 Rb2 28. Kh3 Rd2 29. Rc7 Bd4 30. g5 h5 31. Bf3 Bg1 32. Bg2 a5 33.
a4 Kf8 34. Rc8+ Ke7 35. Rc7+ Ke8 36. e6 fxe6 37. Rg7 c4 38. Rxg6 Kf7 39.
Rh6 c3 40. Rxh5 Kg7 41. Be4 Rh2+ 42. Kg4 c2 43. Bxc2 Rxc2 44. g6 Rc5 45.
Rh1 Bd4 46. Re1 Rc6 47. Re4 Bf6 48. Kh5 Rd6 49. g4 Rd4 50. Rxe6 Rxf4 51. g5
Bc3 52. Rc6 Bb4 53. Rc7+ Kg8 54. Rg7+ Kf8 55. Ra7 Bc3 56. g7+ Bxg7 57. Rxa5
Rc4 58. Ra8+ Kf7 59. Ra7+ Kg8 60. Ra8+ Bf8 61. Ra7 Rc6 62. Ra8 Kf7 63. Ra7+
Kg8 64. Ra8 Rc7 65. Kg6 Rc6+ 66. Kh5 Rd6 67. Ra7 Re6 68. Ra8 Kg7 69. Kg4
Rc6 70. Ra5 Kg6 71. Kf4 Rc4+ 72. Ke5 Rg4 73. Ke6 Bb4 74. Ra8 Bc3 75. a5 Ra4
76. a6 Kxg5 77. a7 Bg7 78. Kd5 Kg6 79. Kc6 Kf7 80. Rb8 Rxa7 81. Rb7+ Rxb7
82. Kxb7 1/2-1/2

[Event "27th Open"]
[Site "Cappelle la Grande FRA"]
[Date "2011.02.28"]
[Round "3"]
[White "Arutinian,D"]
[Black "Sieciechowicz,M"]
[Result "1/2-1/2"]
[WhiteElo "2578"]
[BlackElo "2441"]
[EventDate "2011.02.26"]

1. c4 b6 2. d4 Bb7 3. Nc3 e6 4. a3 g6 5. e4 Bg7 6. Nf3 Ne7 7. Be2 O-O 8.
O-O f5 9. exf5 Nxf5 10. d5 Na6 11. Qc2 Nd4 12. Nxd4 Bxd4 13. Nb5 Be5 14. f4
Bg7 15. Bf3 Qf6 16. Rd1 exd5 17. cxd5 c6 18. Nd6 Qxd6 19. dxc6 Bd4+ 20. Kf1
Bxc6 21. Qc4+ Rf7 22. Rxd4 Qc5 23. Bxc6 dxc6 24. Qd3 Nc7 25. b4 Qf8 26. Qb3
Re8 27. Bd2 1/2-1/2